Jubilee Line - Statistics

General Stats
  • This quiz has been taken 70 times
  • The average score is 22 of 27
Answer Stats
Answer % Correct
Stratford
100%
Green Park
91%
Bond Street
86%
Canada Water
86%
Canning Town
86%
London Bridge
86%
North Greenwich
86%
Southwark
86%
Stanmore
86%
Swiss Cottage
86%
Waterloo
86%
West Ham
86%
Baker Street
82%
Canary Wharf
82%
Kilburn
82%
Kingsbury
82%
Queensbury
82%
Westminster
82%
Willesden Green
82%
Bermondsey
77%
Dollis Hill
77%
Finchley Road
77%
St John's Wood
77%
West Hampstead
77%
Neasden
73%
Wembley Park
68%
Canons Park
50%
No matching quizzes found
Score Distribution
Percent of People with Each Score
Percentile by Number Answered
Your Score History
You have not taken this quiz